Распространённые ошибки в русском языке - Statistics

General Stats
  • This quiz has been taken 21 times
  • The average score is 7 of 8
Answer Stats
Ошибка Правильное написание % Correct
ихний их
100%
мильон / мильён миллион
100%
мне нравиться мне нравится
100%
чёрное кофе чёрный кофе
95%
одеть шапку надеть шапку
95%
Тайланд Таиланд
95%
Малазия Малайзия
95%
выходя из метро, с меня слетела шапка когда я выходил из метро, с меня слетела шапка
19%
No matching quizzes found
Score Distribution
Percent of People with Each Score
Percentile by Number Answered
Your Score History
You have not taken this quiz